[Event "CAN-ch (Women)"]
[Site "Kitchener"]
[Date "2007.08.05"]
[Round "5"]
[White "Belc, Daniela"]
[Black "Lacau Rodean, Iulia"]
[Result "1-0"]
[WhiteElo "2045"]
[BlackElo "2049"]
[PlyCount "63"]
[EventDate "2007.08.01"]
[EventType "tourn"]
[EventRounds "7"]
[EventCountry "CAN"]
[SourceTitle "EXT 2022"]
[Source "ChessBase"]
[SourceDate "2021.10.06"]
[SourceVersion "1"]
[SourceVersionDate "2021.10.06"]
[SourceQuality "1"]

1. d4 Nf6 2. c4 g6 3. Nc3 Bg7 4. e4 d6 5. Be2 0-0 6. Bg5 c5 7. d5 h6 8. Bf4 Nbd7 9. Nf3 Rb8 10. a4 Ng4 11. 0-0 Nge5 12. Nd2 g5 13. Be3 Nf6 14. f3 Ng6 15. g3 Kh8 16. f4 gxf4 17. gxf4 Bh3 18. Rf3 Bg4 19. Rg3 Bxe2 20. Qxe2 Qd7 21. Kh1 Kh7 22. Rag1 Rg8 23. Qg2 Nh5 24. Rxg6 fxg6 25. Qxg6+ Kh8 26. Qxh5 Qe8 27. Rg6 Kh7 28. f5 Qf8 29. Nf3 b6 30. Ng5+ Kh8 31. Ne6 Qe8 32. Rxh6+ 1-0

[Event "Ontario-ch (Women)"]
[Site "Toronto"]
[Date "2002.08.15"]
[Round "4"]
[White "Belc, Daniela"]
[Black "Smith, Hazel"]
[Result "1-0"]
[WhiteElo "2138"]
[BlackElo "1766"]
[PlyCount "121"]
[EventDate "2002.08.12"]
[EventType "tourn"]
[EventRounds "7"]
[EventCountry "CAN"]
[SourceTitle "EXT 2003"]
[Source "ChessBase"]
[SourceDate "2002.11.25"]
[SourceVersion "1"]
[SourceVersionDate "2002.11.25"]
[SourceQuality "1"]

1. d4 Nf6 2. c4 e6 3. Nf3 Nc6 4. Bg5 h6 5. Bh4 Bb4+ 6. Nbd2 g5 7. Bg3 Ne4 8. a3 Bxd2+ 9. Nxd2 Nxg3 10. hxg3 Nxd4 11. Ne4 Nc6 12. Qd2 f6 13. Qc3 e5 14. 0-0-0 d6 15. Qf3 Kf7 16. c5 Nd4 17. Qc3 d5 18. e3 Bg4 19. f3 Nxf3 20. Rxd5 Qe7 21. Bc4 Kg7 22. gxf3 Bxf3 23. Qd3 Rad8 24. Rf1 g4 25. Nc3 Rxd5 26. Bxd5 Rd8 27. Qc4 Bxd5 28. Nxd5 Qe6 29. e4 c6 30. Ne3 Qxc4+ 31. Nxc4 Kg6 32. Rd1 Rh8 33. Ne3 h5 34. Nf5 Rh7 35. Rd8 Rc7 36. b4 Rh7 37. Kc2 Rc7 38. a4 Rh7 39. Kc3 Rc7 40. Kc4 Rh7 41. b5 cxb5+ 42. axb5 Rc7 43. Kd5 Rh7 44. c6 h4 45. Nxh4+ Kg5 46. Nf5 bxc6+ 47. bxc6 a5 48. Kd6 Ra7 49. c7 Rxc7 50. Kxc7 a4 51. Ra8 a3 52. Rxa3 Kg6 53. Kd6 Kg5 54. Ra8 Kh5 55. Ke6 Kg5 56. Rg8+ Kh5 57. Nh4 Kh6 58. Kf7 Kh7 59. Rg7+ Kh6 60. Kxf6 Kh5 61. Rh7# 1-0

[Event "Olympiad Women-34"]
[Site "Istanbul"]
[Date "2000.11.07"]
[Round "10.2"]
[White "Belc, Daniela"]
[Black "Palao, Maricela"]
[Result "0-1"]
[WhiteElo "2073"]
[BlackElo "2159"]
[PlyCount "80"]
[EventDate "2000.10.28"]
[EventType "team-swiss"]
[EventRounds "14"]
[EventCountry "TUR"]
[SourceTitle "EXT 2001"]
[Source "ChessBase"]
[SourceDate "2000.11.22"]
[SourceVersion "1"]
[SourceVersionDate "2000.11.22"]
[SourceQuality "1"]
[WhiteTeam "Canada (W)"]
[BlackTeam "Columbia (W)"]
[WhiteTeamCountry "CAN"]
[BlackTeamCountry "COL"]

1. d4 d5 2. c4 e6 3. Nf3 c5 4. cxd5 exd5 5. Nc3 Nc6 6. Bg5 f6 7. Be3 c4 8. Bd2 Be6 9. e3 Bb4 10. Be2 Nge7 11. 0-0 0-0 12. a3 Ba5 13. b3 cxb3 14. Qxb3 Rb8 15. Bd3 Kh8 16. Qc2 Bg8 17. Rab1 Qd7 18. Na4 Bxd2 19. Nc5 Qd6 20. Qxd2 b6 21. Na6 Rbc8 22. Nb4 Na5 23. a4 Nc4 24. Qa2 Be6 25. Nd2 a5 26. Bxc4 dxc4 27. Ne4 Qd7 28. Nc2 Nd5 29. Rbc1 Bf5 30. Ng3 Bd3 31. Rfe1 Bxc2 32. Qxc2 Nb4 33. Qb1 Nd3 34. Qxb6 Nxe1 35. Rxe1 Qxa4 36. Qa7 Qb5 37. Ne4 Qb4 38. Ra1 c3 39. Nc5 c2 40. Qxa5 Qxa5 0-1

[Event "Olympiad Women-34"]
[Site "Istanbul"]
[Date "2000.10.28"]
[Round "1.2"]
[White "Belc, Daniela"]
[Black "Velcheva, Maria"]
[Result "0-1"]
[WhiteElo "2073"]
[BlackElo "2302"]
[PlyCount "120"]
[EventDate "2000.10.28"]
[EventType "team-swiss"]
[EventRounds "14"]
[EventCountry "TUR"]
[SourceTitle "EXT 2001"]
[Source "ChessBase"]
[SourceDate "2000.11.22"]
[SourceVersion "1"]
[SourceVersionDate "2000.11.22"]
[SourceQuality "1"]
[WhiteTeam "Canada (W)"]
[BlackTeam "Bulgaria (W)"]
[WhiteTeamCountry "CAN"]
[BlackTeamCountry "BUL"]

1. d4 d5 2. c4 e6 3. Nc3 c6 4. Nf3 dxc4 5. a4 Bb4 6. Bd2 b5 7. e3 a5 8. axb5 Bxc3 9. Bxc3 cxb5 10. b3 Bb7 11. bxc4 b4 12. Bb2 Nf6 13. Bd3 Nbd7 14. 0-0 0-0 15. Qc2 Qc7 16. Ne5 Nxe5 17. dxe5 Ng4 18. Bxh7+ Kh8 19. Be4 Bxe4 20. Qxe4 f5 21. Qf4 a4 22. h3 Nh6 23. Rab1 Rfb8 24. Bc1 a3 25. Rb3 Qc6 26. Rd1 Rd8 27. Rxd8+ Rxd8 28. Bxa3 bxa3 29. Rxa3 Rc8 30. Ra7 Rc7 31. Rxc7 Qxc7 32. Qd4 Nf7 33. f4 Kg8 34. Kf2 Qd8 35. c5 Qxd4 36. exd4 Kf8 37. g4 fxg4 38. hxg4 Nh6 39. Kf3 Ke7 40. g5 Nf5 41. Ke4 g6 42. d5 Kd7 43. d6 Kc6 44. Kd3 Ng3 45. Ke3 Kd7 46. Kf3 Nf5 47. Ke4 Kc6 48. Kd3 Nh4 49. Ke4 Ng2 50. Kf3 Ne1+ 51. Ke4 Nc2 52. Kd3 Nb4+ 53. Kd4 Na6 54. f5 exf5 55. e6 Nxc5 56. e7 Ne6+ 57. Ke5 Ng7 58. Kf6 Ne8+ 59. Kxg6 f4 60. Kh6 Kxd6 0-1

[Event "ROM-ch (Women)"]
[Site "Herculane"]
[Date "1996.??.??"]
[Round "2"]
[White "Belc, Daniela"]
[Black "Ionescu, Irina"]
[Result "0-1"]
[WhiteElo "2100"]
[BlackElo "2225"]
[PlyCount "76"]
[EventDate "1996.12.??"]
[EventType "tourn"]
[EventRounds "13"]
[EventCountry "ROU"]
[SourceTitle "EXT 2008"]
[Source "ChessBase"]
[SourceDate "2007.11.25"]
[SourceVersion "1"]
[SourceVersionDate "2007.11.25"]
[SourceQuality "1"]

1. d4 Nf6 2. c4 c6 3. Nc3 d6 4. Nf3 Nbd7 5. e4 e5 6. Be2 Be7 7. 0-0 0-0 8. Re1 Qc7 9. h3 a6 10. Be3 Re8 11. Bf1 Bf8 12. Rc1 b6 13. b4 Bb7 14. d5 Rac8 15. Qb3 Qb8 16. Rc2 g6 17. a3 Bg7 18. Rd1 cxd5 19. cxd5 Nh5 20. Nd2 f5 21. f3 Rf8 22. Nc4 Ba8 23. a4 Nhf6 24. Nd2 Bb7 25. Nc4 Qc7 26. a5 b5 27. Nb6 Nxb6 28. Bxb6 Qf7 29. Rdc1 Bh6 30. Re1 Bg5 31. Bd3 Nh5 32. Ne2 Rxc2 33. Qxc2 Rc8 34. Qb1 fxe4 35. fxe4 Nf4 36. Rf1 Qe7 37. Nxf4 Bxf4 38. Rf3 Rc1+ 0-1

[Event "ROM-ch (Women)"]
[Site "Herculane"]
[Date "1996.??.??"]
[Round "3"]
[White "Ionica, Iulia Ionela"]
[Black "Belc, Daniela"]
[Result "1/2-1/2"]
[WhiteElo "2140"]
[BlackElo "2100"]
[PlyCount "58"]
[EventDate "1996.12.??"]
[EventType "tourn"]
[EventRounds "13"]
[EventCountry "ROU"]
[SourceTitle "EXT 2008"]
[Source "ChessBase"]
[SourceDate "2007.11.25"]
[SourceVersion "1"]
[SourceVersionDate "2007.11.25"]
[SourceQuality "1"]

1. e4 c5 2. Nf3 Nc6 3. d4 cxd4 4. Nxd4 Nf6 5. Nc3 g6 6. Be3 Bg7 7. Nxc6 bxc6 8. e5 Ng8 9. Bd4 f6 10. f4 Qc7 11. Bc4 fxe5 12. fxe5 Bxe5 13. Qf3 Nf6 14. 0-0-0 d5 15. Bxe5 Qxe5 16. Rhe1 Qg5+ 17. Rd2 0-0 18. Bb3 Bg4 19. Qg3 Nh5 20. Qc7 e6 21. Qxc6 Rac8 22. Qa6 Rc7 23. Qd3 Rf2 24. h3 Bf5 25. h4 Qxh4 26. Qb5 Rf7 27. Qb8+ Kg7 28. Qe5+ Kg8 29. Qb8+ Kg7 1/2-1/2

[Event "ROM-ch (Women)"]
[Site "Herculane"]
[Date "1996.??.??"]
[Round "10"]
[White "Marin, Irina Luiza"]
[Black "Belc, Daniela"]
[Result "1-0"]
[WhiteElo "2261"]
[BlackElo "2100"]
[PlyCount "81"]
[EventDate "1996.12.??"]
[EventType "tourn"]
[EventRounds "13"]
[EventCountry "ROU"]
[SourceTitle "EXT 2008"]
[Source "ChessBase"]
[SourceDate "2007.11.25"]
[SourceVersion "1"]
[SourceVersionDate "2007.11.25"]
[SourceQuality "1"]

1. e4 c5 2. c3 g6 3. d4 cxd4 4. cxd4 d5 5. exd5 Nf6 6. Nc3 Bg7 7. Bc4 0-0 8. Nge2 Nbd7 9. Bb3 Nb6 10. Nf4 Bf5 11. 0-0 h6 12. Re1 g5 13. Nh5 Nxh5 14. Qxh5 Qd7 15. h3 Rad8 16. Be3 a5 17. a4 Qd6 18. Qe2 Bd7 19. Ne4 Qb4 20. Nc5 Bc8 21. Ra3 Kh8 22. Rc1 f5 23. Ba2 f4 24. Rb3 fxe3 25. fxe3 Nxd5 26. Rxb4 Nxb4 27. Be6 b6 28. Bxc8 bxc5 29. Be6 cxd4 30. exd4 Bxd4+ 31. Kh1 Rf2 32. Qh5 Bg7 33. Rc8 Rdf8 34. Rxf8+ Rxf8 35. h4 gxh4 36. Qg6 Rf6 37. Qe8+ Bf8 38. Bc4 Rf4 39. b3 Kg7 40. Qh5 Nc6 41. Qd5 1-0

[Event "ROM-ch (Women)"]
[Site "Romania"]
[Date "1994.??.??"]
[Round "?"]
[White "Baciu, Anca Otilia"]
[Black "Belc, Daniela"]
[Result "1-0"]
[WhiteElo "2155"]
[BlackElo "2070"]
[PlyCount "111"]
[EventDate "1994.??.??"]
[EventType "tourn"]
[EventRounds "13"]
[EventCountry "ROU"]
[SourceTitle "EXT 1997"]
[Source "ChessBase"]
[SourceDate "1996.11.15"]
[SourceVersion "1"]
[SourceVersionDate "1996.11.15"]
[SourceQuality "1"]

1. e4 c5 2. Nf3 Nc6 3. Nc3 g6 4. Bb5 Bg7 5. 0-0 e5 6. Bxc6 dxc6 7. h3 Qc7 8. d3 Nf6 9. Be3 b6 10. Qd2 0-0 11. Bh6 Rd8 12. Bxg7 Kxg7 13. Qg5 Re8 14. Nh2 Qe7 15. f4 exf4 16. Qxf4 Qe5 17. Qxe5 Rxe5 18. Rf2 Re7 19. Raf1 Nd7 20. Nf3 Bb7 21. Nd1 Rf8 22. g4 h6 23. Ne3 Ba6 24. b3 b5 25. c4 b4 26. Kh2 Bc8 27. Kg3 Ne5 28. Nxe5 Rxe5 29. Rf6 Re6 30. Rxe6 Bxe6 31. Nd1 Rd8 32. Nb2 Kf8 33. Rf3 Ke7 34. Na4 Kd6 35. h4 Rg8 36. Rf2 Rd8 37. g5 hxg5 38. hxg5 Rh8 39. Rh2 Rxh2 40. Kxh2 Bg4 41. Kg3 Be2 42. Nb2 Ke5 43. Kf2 Bg4 44. Ke3 f5 45. gxf6 Kxf6 46. Na4 g5 47. Nxc5 Bc8 48. d4 a5 49. Nd3 Ke6 50. d5+ cxd5 51. cxd5+ Kf6 52. e5+ Kf5 53. e6 Kf6 54. Nc5 Ke7 55. Na4 Bb7 56. d6+ 1-0

[Event "ROM-ch (Women)"]
[Site "Romania"]
[Date "1994.??.??"]
[Round "?"]
[White "Belc, Daniela"]
[Black "Cosma, Elena Luminita"]
[Result "1/2-1/2"]
[WhiteElo "2070"]
[BlackElo "2320"]
[PlyCount "72"]
[EventDate "1994.??.??"]
[EventType "tourn"]
[EventRounds "13"]
[EventCountry "ROU"]
[SourceTitle "EXT 1997"]
[Source "ChessBase"]
[SourceDate "1996.11.15"]
[SourceVersion "1"]
[SourceVersionDate "1996.11.15"]
[SourceQuality "1"]

1. d4 d5 2. c4 Nc6 3. Nf3 Bg4 4. cxd5 Bxf3 5. dxc6 Bxc6 6. Nc3 Nf6 7. Bg5 e6 8. e3 a6 9. Qc2 Be7 10. 0-0-0 0-0 11. e4 h6 12. Bxf6 Bxf6 13. e5 Be7 14. f4 Bb4 15. Bd3 Kh8 16. Ne2 Bd5 17. Kb1 c5 18. a3 c4 19. Be4 Ba5 20. Bxd5 Qxd5 21. f5 exf5 22. Nf4 Qe4 23. Qxe4 fxe4 24. h4 Rfe8 25. g4 Rad8 26. Kc2 e3 27. Rh3 Bd2 28. Ne2 Re6 29. g5 Kg8 30. Rf1 Rb6 31. Rhf3 Rd7 32. Rf4 a5 33. R1f3 a4 34. Re4 Ra6 35. Nc3 Kh7 36. Nb1 Rb6 1/2-1/2

[Event "ROM-chT"]
[Site "Romania"]
[Date "1994.??.??"]
[Round "?"]
[White "Belc, Daniela"]
[Black "Foisor, Cristina Adela B"]
[Result "0-1"]
[WhiteElo "2110"]
[BlackElo "2400"]
[PlyCount "61"]
[EventDate "1994.??.??"]
[EventType "team"]
[EventRounds "10"]
[EventCountry "ROU"]
[SourceTitle "EXT 1997"]
[Source "ChessBase"]
[SourceDate "1996.11.15"]
[SourceVersion "1"]
[SourceVersionDate "1996.11.15"]
[SourceQuality "1"]

1. d4 Nf6 2. c4 g6 3. Nc3 Bg7 4. e4 d6 5. Nf3 0-0 6. Be2 Bg4 7. Be3 Nc6 8. d5 Bxf3 9. Bxf3 Ne5 10. Be2 c6 11. f4 Ned7 12. 0-0 Qa5 13. a3 Rfc8 14. b4 Qd8 15. Rc1 cxd5 16. cxd5 Nb6 17. Qb3 Nfd7 18. Bd3 Rc7 19. Nb5 Rxc1 20. Rxc1 a6 21. Nd4 Nf6 22. Qd1 Nh5 23. Nb3 Na4 24. Na5 Qd7 25. Qb3 b5 26. Rc6 Qg4 27. Qc2 Nxf4 28. Bf1 Be5 29. Rc7 Nh5 30. Qf2 Qxe4 31. Rxe7 0-1

[Event "ROM-ch (Women)"]
[Site "Romania"]
[Date "1994.??.??"]
[Round "?"]
[White "Belc, Daniela"]
[Black "Iosif, Cristina S"]
[Result "0-1"]
[WhiteElo "2070"]
[BlackElo "2220"]
[PlyCount "46"]
[EventDate "1994.??.??"]
[EventType "tourn"]
[EventRounds "13"]
[EventCountry "ROU"]
[SourceTitle "EXT 1997"]
[Source "ChessBase"]
[SourceDate "1996.11.15"]
[SourceVersion "1"]
[SourceVersionDate "1996.11.15"]
[SourceQuality "1"]

1. d4 Nf6 2. c4 e6 3. Nf3 b6 4. a3 Bb7 5. Nc3 d5 6. Qc2 dxc4 7. e4 c5 8. dxc5 Bxc5 9. Bxc4 Qc7 10. Nb5 Qc6 11. e5 Ng4 12. Qe2 Bxf2+ 13. Kf1 0-0 14. h3 Ne3+ 15. Kxf2 Nxc4 16. Nc3 Qc5+ 17. Kg3 Nd7 18. Ne4 Bxe4 19. Qxe4 Ncxe5 20. Bf4 Nxf3 21. Qxf3 Nf6 22. Rac1 Qf5 23. Rc4 b5 0-1

[Event "ROM-ch (Women)"]
[Site "Romania"]
[Date "1994.??.??"]
[Round "?"]
[White "Belc, Daniela"]
[Black "Vajda, Szidonia"]
[Result "0-1"]
[WhiteElo "2070"]
[BlackElo "2235"]
[PlyCount "114"]
[EventDate "1994.??.??"]
[EventType "tourn"]
[EventRounds "13"]
[EventCountry "ROU"]
[SourceTitle "EXT 1997"]
[Source "ChessBase"]
[SourceDate "1996.11.15"]
[SourceVersion "1"]
[SourceVersionDate "1996.11.15"]
[SourceQuality "1"]

1. d4 d5 2. Nf3 e6 3. Bg5 Nf6 4. e3 h6 5. Bh4 Be7 6. c4 c6 7. Nc3 0-0 8. Qc2 Nbd7 9. cxd5 exd5 10. Bd3 Re8 11. 0-0 Ne4 12. Bxe7 Qxe7 13. Bxe4 dxe4 14. Nd2 Nf6 15. Rac1 Bf5 16. f3 Bg6 17. fxe4 Nxe4 18. Ndxe4 Bxe4 19. Nxe4 Qxe4 20. Qf2 Re7 21. Qg3 Rae8 22. Rf4 Qd3 23. Rf3 Qd2 24. Qf2 Qxd4 25. Rxf7 Qd3 26. Rf3 c5 27. h3 b5 28. b3 c4 29. bxc4 bxc4 30. e4 Qd6 31. Qc2 Qd4+ 32. Kh1 Rxe4 33. Rcf1 a5 34. Qa4 Qd2 35. R3f2 Qb4 36. Qd7 Re1 37. Qd5+ Kh8 38. Kh2 Rxf1 39. Rxf1 c3 40. Qf7 Qe4 41. Rc1 Rc8 42. Qf2 c2 43. Qd2 Qc4 44. a3 a4 45. Kg1 Qc3 46. Qxc3 Rxc3 47. Kf2 Kh7 48. Ke1 Kg6 49. Kd2 Rxa3 50. Rxc2 Rg3 51. Ke1 a3 52. Kf2 Rb3 53. Rc6+ Kf5 54. Ra6 Ke4 55. Ke2 Rb2+ 56. Kf1 a2 57. Ra4+ Kd5 0-1

[Event "ROM-ch (Women)"]
[Site "Romania"]
[Date "1994.??.??"]
[Round "?"]
[White "Erhan, Raluca"]
[Black "Belc, Daniela"]
[Result "0-1"]
[WhiteElo "2035"]
[BlackElo "2070"]
[PlyCount "75"]
[EventDate "1994.??.??"]
[EventType "tourn"]
[EventRounds "13"]
[EventCountry "ROU"]
[SourceTitle "EXT 1997"]
[Source "ChessBase"]
[SourceDate "1996.11.15"]
[SourceVersion "1"]
[SourceVersionDate "1996.11.15"]
[SourceQuality "1"]

1. e4 c5 2. Nc3 Nc6 3. g3 g6 4. Bg2 Bg7 5. f4 d6 6. Nf3 Rb8 7. Qe2 Nd4 8. Nxd4 cxd4 9. Nd1 Nf6 10. 0-0 0-0 11. d3 Bd7 12. f5 Qc7 13. g4 Rfc8 14. g5 Ne8 15. Rf2 Be5 16. Qf3 gxf5 17. Bh3 Ng7 18. exf5 Qc6 19. Qe2 Kh8 20. Bg2 Qc5 21. f6 exf6 22. gxf6 Nf5 23. Qh5 Rg8 24. Kh1 Bxf6 25. Qxf7 Bh4 26. Qxd7 Bxf2 27. Nxf2 Rbe8 28. Be4 Re7 29. Qa4 d5 30. Bd2 dxe4 31. Bb4 Qd5 32. c4 dxc3 33. Bxc3+ Ng7 34. dxe4 Qf7 35. Qd1 Qxf2 36. Bd4 Qf4 37. Rc1 Qxe4+ 38. Kg1 0-1

[Event "ROM-ch (Women)"]
[Site "Romania"]
[Date "1994.??.??"]
[Round "?"]
[White "Marin, Irina Luiza"]
[Black "Belc, Daniela"]
[Result "1/2-1/2"]
[WhiteElo "2261"]
[BlackElo "2070"]
[PlyCount "49"]
[EventDate "1994.??.??"]
[EventType "tourn"]
[EventRounds "13"]
[EventCountry "ROU"]
[SourceTitle "EXT 1997"]
[Source "ChessBase"]
[SourceDate "1996.11.15"]
[SourceVersion "1"]
[SourceVersionDate "1996.11.15"]
[SourceQuality "1"]

1. e4 c5 2. Nf3 Nc6 3. Nc3 g6 4. d4 cxd4 5. Nxd4 Bg7 6. Be3 Nf6 7. Nxc6 bxc6 8. e5 Nd5 9. Nxd5 cxd5 10. Qxd5 Rb8 11. Bxa7 Rxb2 12. Bd4 Rxc2 13. Bd3 e6 14. Qa8 Rc6 15. Bb5 Rc2 16. Qa3 Qg5 17. 0-0 Bxe5 18. Bxe5 Qxe5 19. Rac1 Rxc1 20. Rxc1 Bb7 21. Qb4 Qg5 22. Bxd7+ Kd8 23. Qb6+ Ke7 24. Qb4+ Kd8 25. Qb6+ 1/2-1/2